[Event "Bundesliga 9596"]
[Site "Deutschland"]
[Date "1995.??.??"]
[Round "?.2"]
[White "Hodgson, Julian M"]
[Black "Gabriel, Christian"]
[Result "0-1"]
[WhiteElo "2590"]
[BlackElo "2475"]
[PlyCount "109"]
[EventDate "1995.10.??"]
[EventType "team"]
[EventRounds "15"]
[EventCountry "GER"]
[SourceTitle "Bundesliga 9596"]
[Source "DeepChess"]
[SourceDate "2005.01.01"]
[SourceVersion "1"]
[SourceVersionDate "2005.01.01"]
[SourceQuality "1"]
[WhiteTeam "SK Zaehringen 1921"]
[BlackTeam "SG 1868 Aljech. Solingen"]
[WhiteTeamCountry "GER"]
[BlackTeamCountry "GER"]

1. d4 d5 2. Bg5 h6 3. Bh4 c6 4. e3 Qb6 5. Qc1 e5 6. c3 exd4 7. cxd4 Be7 8. Nf3
Bf5 9. Nc3 Nd7 10. Be2 Bxh4 11. Nxh4 Bh7 12. Bg4 Ndf6 13. Bf5 Ne7 14. Bxh7 Nxh7
15. Qc2 Nf6 16. O-O O-O 17. Na4 Qc7 18. Nc5 Ne8 19. Nf3 Nd6 20. Ne5 Rad8 21.
Rac1 Rfe8 22. Qe2 Qc8 23. Rc2 Qf5 24. Rfc1 Ng6 25. Nxg6 Qxg6 26. Nd3 Re7 27.
Qd1 Nc4 28. Rc3 Rde8 29. Rb3 Qf6 30. Nc5 Nd6 31. h3 Rc7 32. a4 Ree7 33. Qg4 g6
34. Rbc3 Kh7 35. R3c2 Qf5 36. Qg3 Qf6 37. Nd3 Nc4 38. b3 Nd6 39. Ne5 Ne4 40.
Qh2 a6 41. f3 Nd6 42. Rc3 Re6 43. Re1 Qe7 44. Qf4 g5 45. Qh2 f6 46. Ng4 Nf5 47.
e4 Nxd4 48. h4 f5 49. Ne3 f4 50. hxg5 Qxg5 51. Nxd5 Rg7 52. Nxf4 Rf6 53. Rd3
Rxf4 54. Rxd4 Rh4 55. Qxh4 0-1

[Event "Bundesliga 9596"]
[Site "Deutschland"]
[Date "1995.??.??"]
[Round "?.3"]
[White "Chandler, Murray G"]
[Black "Siegel, Georg"]
[Result "1-0"]
[WhiteElo "2535"]
[BlackElo "2480"]
[PlyCount "55"]
[EventDate "1995.10.??"]
[EventType "team"]
[EventRounds "15"]
[EventCountry "GER"]
[SourceTitle "Bundesliga 9596"]
[Source "DeepChess"]
[SourceDate "2005.01.01"]
[SourceVersion "1"]
[SourceVersionDate "2005.01.01"]
[SourceQuality "1"]
[WhiteTeam "SG 1868 Aljech. Solingen"]
[BlackTeam "SK Zaehringen 1921"]
[WhiteTeamCountry "GER"]
[BlackTeamCountry "GER"]

1. e4 c5 2. Nf3 d6 3. d4 cxd4 4. Nxd4 Nf6 5. Nc3 Nc6 6. Bg5 e6 7. Qd2 a6 8.
O-O-O h6 9. Be3 Be7 10. f4 Qc7 11. Kb1 O-O 12. Bd3 Na5 13. g4 b5 14. Qg2 b4 15.
Nce2 Nc4 16. Bxc4 Qxc4 17. g5 hxg5 18. fxg5 Nd7 19. Nf4 Ne5 20. Nh5 Rd8 21.
Nf6+ Kf8 22. Qh3 Bxf6 23. gxf6 gxf6 24. Rhf1 Ke7 25. Qh4 Bb7 26. Qxf6+ Ke8 27.
Bf4 Ng6 28. Bxd6 1-0

[Event "Bundesliga 9596"]
[Site "Deutschland"]
[Date "1995.??.??"]
[Round "?.4"]
[White "Mohr, Stefan"]
[Black "Bischoff, Klaus"]
[Result "1/2-1/2"]
[WhiteElo "2440"]
[BlackElo "2550"]
[PlyCount "42"]
[EventDate "1995.10.??"]
[EventType "team"]
[EventRounds "15"]
[EventCountry "GER"]
[SourceTitle "Bundesliga 9596"]
[Source "DeepChess"]
[SourceDate "2005.01.01"]
[SourceVersion "1"]
[SourceVersionDate "2005.01.01"]
[SourceQuality "1"]
[WhiteTeam "SK Zaehringen 1921"]
[BlackTeam "SG 1868 Aljech. Solingen"]
[WhiteTeamCountry "GER"]
[BlackTeamCountry "GER"]

1. d4 e6 2. c4 b6 3. Nc3 Bb7 4. a3 f5 5. d5 Nf6 6. g3 b5 7. Nf3 bxc4 8. dxe6
dxe6 9. Qa4+ Qd7 10. Qxc4 Nc6 11. Bg2 Bd6 12. b4 Ne7 13. O-O Ned5 14. Bb2 O-O
15. Nd4 Qf7 16. Rac1 f4 17. Nc6 a6 18. Ne4 Nxe4 19. Bxe4 Rae8 20. Qd3 Qh5 21.
Qd4 Nf6 1/2-1/2

[Event "Bundesliga 9596"]
[Site "Deutschland"]
[Date "1995.??.??"]
[Round "?.7"]
[White "Podzielny, Karl Heinz"]
[Black "Schmaltz, Roland"]
[Result "1-0"]
[WhiteElo "2460"]
[BlackElo "2450"]
[PlyCount "81"]
[EventDate "1995.10.??"]
[EventType "team"]
[EventRounds "15"]
[EventCountry "GER"]
[SourceTitle "Bundesliga 9596"]
[Source "DeepChess"]
[SourceDate "2005.01.01"]
[SourceVersion "1"]
[SourceVersionDate "2005.01.01"]
[SourceQuality "1"]
[WhiteTeam "SG 1868 Aljech. Solingen"]
[BlackTeam "SK Zaehringen 1921"]
[WhiteTeamCountry "GER"]
[BlackTeamCountry "GER"]

1. d4 d6 2. Nf3 g6 3. c4 Bg7 4. Nc3 Nf6 5. Bg5 O-O 6. e4 Na6 7. Be2 e5 8. d5
Qe8 9. Nd2 Nd7 10. g4 f6 11. Be3 f5 12. f3 Qe7 13. h4 Nf6 14. Nf1 fxg4 15. fxg4
Nc5 16. Ng3 Qd7 17. g5 Ng4 18. Bxg4 Qxg4 19. Qxg4 Bxg4 20. Kd2 Rf3 21. Rhg1
Raf8 22. Raf1 a5 23. Rxf3 Rxf3 24. Nb5 Rf7 25. Bxc5 dxc5 26. Rf1 Rd7 27. Ne2 h6
28. Nc1 hxg5 29. hxg5 Bh3 30. Rf2 c6 31. Nc3 cxd5 32. Nxd5 Be6 33. Nd3 Bxd5 34.
cxd5 b6 35. Kc3 b5 36. a4 bxa4 37. Kc4 Rb7 38. Kxc5 Bf8+ 39. d6 Rc7+ 40. Kd5
Rd7 41. Rf6 1-0

[Event "Bundesliga 9596"]
[Site "Deutschland"]
[Date "1995.??.??"]
[Round "?.8"]
[White "Vatter, Hans Joachim"]
[Black "Zysk, Robert"]
[Result "0-1"]
[WhiteElo "2385"]
[BlackElo "2440"]
[PlyCount "124"]
[EventDate "1995.10.??"]
[EventType "team"]
[EventRounds "15"]
[EventCountry "GER"]
[SourceTitle "Bundesliga 9596"]
[Source "DeepChess"]
[SourceDate "2005.01.01"]
[SourceVersion "1"]
[SourceVersionDate "2005.01.01"]
[SourceQuality "1"]
[WhiteTeam "SK Zaehringen 1921"]
[BlackTeam "SG 1868 Aljech. Solingen"]
[WhiteTeamCountry "GER"]
[BlackTeamCountry "GER"]

1. e4 e6 2. d4 d5 3. e5 c5 4. c3 Nc6 5. Nf3 Bd7 6. a3 Nge7 7. dxc5 Ng6 8. b4
Ncxe5 9. Nxe5 Nxe5 10. Nd2 g6 11. Be2 Bg7 12. O-O O-O 13. Bb2 b6 14. f4 Nc4 15.
Nxc4 dxc4 16. Qd6 Ba4 17. Bxc4 Qxd6 18. cxd6 Rac8 19. Ba6 Rc6 20. d7 Rd8 21.
Bc8 Bxc3 22. Bxc3 Rxc3 23. Rfc1 Rxc1+ 24. Rxc1 Bxd7 25. Ba6 Ba4 26. Rc7 Rd7 27.
Rxd7 Bxd7 28. Kf2 Kf8 29. Ke3 Ke7 30. h4 Kd6 31. Bc4 f6 32. g3 h6 33. Bd3 Be8
34. Bc4 Bf7 35. Bb3 Be8 36. Bc4 g5 37. Bb3 gxh4 38. gxh4 Bh5 39. Bc4 Bg6 40.
Bb3 Bf5 41. Bc4 e5 42. Bb3 a5 43. Ba2 axb4 44. axb4 Be6 45. Bb1 exf4+ 46. Kxf4
Kc6 47. Bd3 Kd5 48. Bf5 Bg8 49. Bd7 Be6 50. Bb5 Kd4 51. Be2 Bd7 52. b5 Kc5 53.
Bf1 Be6 54. Be2 Bh3 55. Kg3 Bf5 56. Kf4 Bc2 57. Bg4 Bd3 58. Bd7 Kd5 59. Be8 Ke6
60. Ke3 Bf1 61. Kf4 Be2 62. Ke3 Ke7 0-1

[Event "Bundesliga 9596"]
[Site "Deutschland"]
[Date "1995.??.??"]
[Round "?.1"]
[White "Adams, Michael"]
[Black "Van der Sterren, Paul"]
[Result "1-0"]
[WhiteElo "2660"]
[BlackElo "2545"]
[PlyCount "81"]
[EventDate "1995.10.??"]
[EventType "team"]
[EventRounds "15"]
[EventCountry "GER"]
[SourceTitle "Bundesliga 9596"]
[Source "DeepChess"]
[SourceDate "2005.01.01"]
[SourceVersion "1"]
[SourceVersionDate "2005.01.01"]
[SourceQuality "1"]
[WhiteTeam "SG 1868 Aljech. Solingen"]
[BlackTeam "SV Castrop Rauxel 1923"]
[WhiteTeamCountry "GER"]
[BlackTeamCountry "GER"]

1. e4 e5 2. Nf3 Nc6 3. Bb5 a6 4. Ba4 Nf6 5. O-O Be7 6. Re1 b5 7. Bb3 d6 8. c3
O-O 9. d3 Na5 10. Bc2 c5 11. Nbd2 Nc6 12. Nf1 Re8 13. a3 h6 14. Bb3 Bf8 15. Ne3
Rb8 16. h3 Be6 17. Bxe6 Rxe6 18. Nd5 Re8 19. Nxf6+ Qxf6 20. Nh2 Qe6 21. Ng4 d5
22. exd5 Qxd5 23. Bxh6 c4 24. Bd2 Qxd3 25. Re3 Qd6 26. Qc2 e4 27. Rg3 Re6 28.
Bg5 Ne7 29. Rd1 Qc6 30. Ne3 Ng6 31. Nf5 Qc5 32. Nd4 Ree8 33. Be3 Qc7 34. Rg4
Qb7 35. Nf5 Re6 36. h4 Re5 37. Ng3 Rbe8 38. h5 Nh8 39. Bd4 R5e6 40. Bxg7 Bxg7
41. Nf5 1-0

[Event "Bundesliga 9596"]
[Site "Deutschland"]
[Date "1995.??.??"]
[Round "?.2"]
[White "King, Daniel J"]
[Black "Chandler, Murray G"]
[Result "1/2-1/2"]
[WhiteElo "2510"]
[BlackElo "2535"]
[PlyCount "101"]
[EventDate "1995.10.??"]
[EventType "team"]
[EventRounds "15"]
[EventCountry "GER"]
[SourceTitle "Bundesliga 9596"]
[Source "DeepChess"]
[SourceDate "2005.01.01"]
[SourceVersion "1"]
[SourceVersionDate "2005.01.01"]
[SourceQuality "1"]
[WhiteTeam "SV Castrop Rauxel 1923"]
[BlackTeam "SG 1868 Aljech. Solingen"]
[WhiteTeamCountry "GER"]
[BlackTeamCountry "GER"]

1. e4 c5 2. Nf3 Nc6 3. Bb5 e6 4. O-O Nge7 5. Nc3 Nd4 6. Nxd4 cxd4 7. Ne2 a6 8.
Ba4 b5 9. Bb3 Qb6 10. c3 d3 11. Nf4 Bb7 12. Re1 Qd6 13. Qf3 Ng6 14. Nxd3 f5 15.
e5 Bxf3 16. exd6 Bc6 17. Nc5 Bxd6 18. d4 Ne7 19. f3 h6 20. Nd3 g5 21. Ne5 Bxe5
22. Rxe5 Kf7 23. Kf2 Rhc8 24. Bd2 Bd5 25. Ree1 a5 26. h4 a4 27. Bd1 gxh4 28.
Rh1 Ng6 29. a3 Rh8 30. Be2 Bc4 31. Rae1 Bxe2 32. Rxe2 Rac8 33. Ke3 d6 34. Be1
e5 35. dxe5 dxe5 36. Bxh4 Nf4 37. Rd2 Ke6 38. Ra1 Rc6 39. Kf2 e4 40. Bg3 Nd3+
41. Ke3 Kd5 42. Rh1 Rg6 43. Bf4 Kc4 44. fxe4 fxe4 45. Kxe4 Re8+ 46. Kf3 Ree6
47. g3 Ref6 48. Ke4 Re6+ 49. Kf5 Ref6+ 50. Ke4 Re6+ 51. Kf5 1/2-1/2

[Event "Bundesliga 9596"]
[Site "Deutschland"]
[Date "1995.??.??"]
[Round "?.3"]
[White "Bischoff, Klaus"]
[Black "Hoffmann, Michael"]
[Result "1-0"]
[WhiteElo "2550"]
[BlackElo "2485"]
[PlyCount "79"]
[EventDate "1995.10.??"]
[EventType "team"]
[EventRounds "15"]
[EventCountry "GER"]
[SourceTitle "Bundesliga 9596"]
[Source "DeepChess"]
[SourceDate "2005.01.01"]
[SourceVersion "1"]
[SourceVersionDate "2005.01.01"]
[SourceQuality "1"]
[WhiteTeam "SG 1868 Aljech. Solingen"]
[BlackTeam "SV Castrop Rauxel 1923"]
[WhiteTeamCountry "GER"]
[BlackTeamCountry "GER"]

1. c4 e5 2. Nc3 Nf6 3. Nf3 Nc6 4. g3 d5 5. cxd5 Nxd5 6. Bg2 Nb6 7. O-O Be7 8.
a3 O-O 9. b4 Be6 10. Rb1 f6 11. d3 a5 12. b5 Nd4 13. Nd2 a4 14. Bxb7 Ra5 15. e3
Nb3 16. Nxb3 axb3 17. Rxb3 Bxb3 18. Qxb3+ Kh8 19. Rd1 f5 20. Bc6 Bd6 21. d4 Qe7
22. dxe5 Bxe5 23. a4 Rd8 24. Ba3 Rxd1+ 25. Qxd1 Bd6 26. Bb2 Be5 27. Ba3 Bd6 28.
Bb2 Be5 29. Nd5 Nxd5 30. Bxe5 Qxe5 31. Bxd5 Qd6 32. Qd4 h6 33. Qc4 Kh7 34. Bf3
Ra7 35. Kg2 Qe5 36. h4 g6 37. h5 Qe7 38. hxg6+ Kxg6 39. Qd4 Ra5 40. b6 1-0

[Event "Bundesliga 9596"]
[Site "Deutschland"]
[Date "1995.??.??"]
[Round "?.5"]
[White "Schaefer, Markus"]
[Black "Appel, Ralf"]
[Result "1/2-1/2"]
[WhiteElo "2455"]
[BlackElo "2430"]
[PlyCount "93"]
[EventDate "1995.10.??"]
[EventType "team"]
[EventRounds "15"]
[EventCountry "GER"]
[SourceTitle "Bundesliga 9596"]
[Source "DeepChess"]
[SourceDate "2005.01.01"]
[SourceVersion "1"]
[SourceVersionDate "2005.01.01"]
[SourceQuality "1"]
[WhiteTeam "SG 1868 Aljech. Solingen"]
[BlackTeam "SV Castrop Rauxel 1923"]
[WhiteTeamCountry "GER"]
[BlackTeamCountry "GER"]

1. e4 g6 2. d4 Bg7 3. Nc3 c6 4. Nf3 d5 5. Bf4 dxe4 6. Nxe4 Bf5 7. Ng3 Bg4 8.
Bc4 h5 9. h3 Bxf3 10. Qxf3 Nf6 11. c3 Nbd7 12. O-O O-O 13. Rfe1 e6 14. Rad1 Nd5
15. Bc1 N7f6 16. Bb3 b5 17. Ne2 Re8 18. Bc2 Qc7 19. Nf4 Rac8 20. Qg3 c5 21.
Nxd5 Nxd5 22. Qxc7 Rxc7 23. Be4 Nb6 24. Bf4 Rcc8 25. Bb7 cxd4 26. Bxc8 Rxc8 27.
cxd4 Nd5 28. Rc1 Rxc1 29. Bxc1 Bxd4 30. Re2 a6 31. Kf1 Kf8 32. Be3 Bf6 33. Rd2
Ke8 34. Bd4 Bg5 35. Rc2 Kd7 36. b3 Nb4 37. Re2 Kc6 38. a4 Bf4 39. Be5 Bh6 40.
Bc3 Nd5 41. Rc2 Kd6 42. axb5 axb5 43. Bd4 e5 44. Bc5+ Kd7 45. Ra2 Kc6 46. Rc2
Kd7 47. Ra2 1/2-1/2

[Event "Bundesliga 9596"]
[Site "Deutschland"]
[Date "1995.??.??"]
[Round "?.6"]
[White "Sehner, Norbert"]
[Black "Reeh, Oliver"]
[Result "1/2-1/2"]
[WhiteElo "2420"]
[BlackElo "2445"]
[PlyCount "79"]
[EventDate "1995.10.??"]
[EventType "team"]
[EventRounds "15"]
[EventCountry "GER"]
[SourceTitle "Bundesliga 9596"]
[Source "DeepChess"]
[SourceDate "2005.01.01"]
[SourceVersion "1"]
[SourceVersionDate "2005.01.01"]
[SourceQuality "1"]
[WhiteTeam "SV Castrop Rauxel 1923"]
[BlackTeam "SG 1868 Aljech. Solingen"]
[WhiteTeamCountry "GER"]
[BlackTeamCountry "GER"]

1. c4 b6 2. Nc3 c5 3. g3 Bb7 4. e4 g6 5. Bg2 Bg7 6. d3 Nc6 7. Nge2 d6 8. O-O
Qd7 9. Be3 Nd4 10. f4 Nxe2+ 11. Qxe2 h5 12. h3 e6 13. Rad1 Bxc3 14. bxc3 Ne7
15. f5 gxf5 16. exf5 Bxg2 17. Qxg2 Qc6 18. fxe6 Qxg2+ 19. Kxg2 fxe6 20. Bf4 Kd7
21. d4 cxd4 22. cxd4 Rac8 23. c5 Nd5 24. cxd6 Rc2+ 25. Rf2 Nxf4+ 26. gxf4 Rg8+
27. Kf1 Rc3 28. d5 exd5 29. Rxd5 Rxh3 30. f5 Rh1+ 31. Ke2 Rhg1 32. f6 R1g2 33.
Rxg2 Rxg2+ 34. Kf3 Rg8 35. Kf4 Ke6 36. Rxh5 Kxf6 37. Rh6+ Kf7 38. Rh7+ Ke6 39.
Rxa7 Kxd6 40. Ke4 1/2-1/2

[Event "Bundesliga 9596"]
[Site "Deutschland"]
[Date "1995.??.??"]
[Round "?.7"]
[White "Podzielny, Karl Heinz"]
[Black "Dinstuhl, Volkmar"]
[Result "1/2-1/2"]
[WhiteElo "2460"]
[BlackElo "2355"]
[PlyCount "38"]
[EventDate "1995.10.??"]
[EventType "team"]
[EventRounds "15"]
[EventCountry "GER"]
[SourceTitle "Bundesliga 9596"]
[Source "DeepChess"]
[SourceDate "2005.01.01"]
[SourceVersion "1"]
[SourceVersionDate "2005.01.01"]
[SourceQuality "1"]
[WhiteTeam "SG 1868 Aljech. Solingen"]
[BlackTeam "SV Castrop Rauxel 1923"]
[WhiteTeamCountry "GER"]
[BlackTeamCountry "GER"]

1. c4 c5 2. Nc3 g6 3. Nf3 Bg7 4. g3 Nc6 5. Bg2 e5 6. a3 Nge7 7. b4 d6 8. Rb1
Rb8 9. O-O O-O 10. d3 b6 11. bxc5 dxc5 12. Bb2 f5 13. Nd5 Kh8 14. e3 Be6 15.
Ng5 Bg8 16. Nxe7 Qxe7 17. Bxc6 Qxg5 18. Qa4 Qe7 19. Rfe1 Qd6 1/2-1/2

[Event "Bundesliga 9596"]
[Site "Deutschland"]
[Date "1995.??.??"]
[Round "?.8"]
[White "Hermesmann, Hans"]
[Black "Zysk, Robert"]
[Result "1/2-1/2"]
[WhiteElo "2275"]
[BlackElo "2440"]
[PlyCount "74"]
[EventDate "1995.10.??"]
[EventType "team"]
[EventRounds "15"]
[EventCountry "GER"]
[SourceTitle "Bundesliga 9596"]
[Source "DeepChess"]
[SourceDate "2005.01.01"]
[SourceVersion "1"]
[SourceVersionDate "2005.01.01"]
[SourceQuality "1"]
[WhiteTeam "SV Castrop Rauxel 1923"]
[BlackTeam "SG 1868 Aljech. Solingen"]
[WhiteTeamCountry "GER"]
[BlackTeamCountry "GER"]

1. e4 g6 2. d4 d6 3. c4 e5 4. Ne2 Bg7 5. Nbc3 Ne7 6. h4 h6 7. Be3 Nd7 8. h5 g5
9. dxe5 Nxe5 10. c5 O-O 11. cxd6 cxd6 12. Ng3 Be6 13. Be2 Rc8 14. O-O Nc4 15.
Bxc4 Rxc4 16. Qd3 Nc6 17. Nf5 Ne5 18. Qxd6 Bxf5 19. Qxd8 Rxd8 20. exf5 Nd3 21.
Rfd1 b6 22. Rab1 Bxc3 23. Rbc1 Rdc8 24. Rxc3 Rxc3 25. bxc3 Rxc3 26. Bd4 Rc1 27.
Rf1 Kf8 28. Be3 Rxf1+ 29. Kxf1 Ke7 30. Bd4 f6 31. g3 Nc5 32. Ke2 Nd7 33. Ke3
Kd6 34. Ke4 Nc5+ 35. Ke3 Nd7 36. Ke4 Nc5+ 37. Ke3 Nd7 1/2-1/2

[Event "Bundesliga 9596"]
[Site "Deutschland"]
[Date "1996.??.??"]
[Round "?.1"]
[White "Shirov, Alexei"]
[Black "Jussupow, Artur"]
[Result "1/2-1/2"]
[WhiteElo "2690"]
[BlackElo "2655"]
[PlyCount "82"]
[EventDate "1995.10.??"]
[EventType "team"]
[EventRounds "15"]
[EventCountry "GER"]
[SourceTitle "Bundesliga 9596"]
[Source "DeepChess"]
[SourceDate "2005.01.01"]
[SourceVersion "1"]
[SourceVersionDate "2005.01.01"]
[SourceQuality "1"]
[WhiteTeam "SV Empor Berlin e.V."]
[BlackTeam "SG 1868 Aljech. Solingen"]
[WhiteTeamCountry "GER"]
[BlackTeamCountry "GER"]

1. e4 e5 2. Nf3 Nf6 3. d4 Nxe4 4. Bd3 d5 5. Nxe5 Bd6 6. O-O O-O 7. c4 Nc6 8.
Nxc6 bxc6 9. c5 Be7 10. Nc3 Bf5 11. Qc2 Bg6 12. Nxe4 dxe4 13. Bxe4 Qxd4 14.
Bxg6 hxg6 15. Be3 Qb4 16. a3 Qb5 17. Bd4 Bf6 18. Bxf6 gxf6 19. Qc3 Kg7 20. Rae1
Rad8 21. Re3 Rd5 22. b4 Rfd8 23. h3 Rd3 24. a4 Qa6 25. b5 Rxc3 26. bxa6 Rxe3
27. fxe3 Rd5 28. Rb1 Rxc5 29. Rb7 Ra5 30. Rxa7 Rxa4 31. g4 Ra2 32. Kf1 g5 33.
Ke1 Kf8 34. Kd1 Ke8 35. Ra8+ Kd7 36. a7 c5 37. Kc1 Kc6 38. Rf8 Rxa7 39. Rxf7
Ra2 40. Rxf6+ Kb5 41. Rf5 Rh2 1/2-1/2

[Event "Bundesliga 9596"]
[Site "Deutschland"]
[Date "1996.??.??"]
[Round "?.2"]
[White "Gabriel, Christian"]
[Black "Lobron, Eric"]
[Result "1-0"]
[WhiteElo "2510"]
[BlackElo "2590"]
[PlyCount "107"]
[EventDate "1995.10.??"]
[EventType "team"]
[EventRounds "15"]
[EventCountry "GER"]
[SourceTitle "Bundesliga 9596"]
[Source "DeepChess"]
[SourceDate "2005.01.01"]
[SourceVersion "1"]
[SourceVersionDate "2005.01.01"]
[SourceQuality "1"]
[WhiteTeam "SG 1868 Aljech. Solingen"]
[BlackTeam "SV Empor Berlin e.V."]
[WhiteTeamCountry "GER"]
[BlackTeamCountry "GER"]

1. Nf3 e6 2. c4 d5 3. d4 Nd7 4. Nc3 Ngf6 5. cxd5 exd5 6. Bg5 Be7 7. e3 O-O 8.
Bd3 Re8 9. Qc2 c6 10. h3 Nf8 11. Bf4 Bd6 12. Bxd6 Qxd6 13. O-O-O Be6 14. Kb1
Rac8 15. g4 c5 16. dxc5 Rxc5 17. Nd4 a6 18. f3 N6d7 19. Qh2 Qe7 20. Rhe1 Nb6
21. Rc1 Rec8 22. f4 Bd7 23. Nb3 R5c7 24. f5 Bc6 25. Nd4 Nfd7 26. e4 Qb4 27. Nc2
Qc5 28. exd5 Bxd5 29. Nxd5 Nxd5 30. Qd2 Qb6 31. Ka1 h6 32. Rcd1 Nc5 33. Bc4 Na4
34. Bb3 Nxb2 35. Qxd5 Nxd1 36. Rxd1 Qf2 37. Rd2 Qf1+ 38. Kb2 Qxh3 39. Qd4 Qh4
40. Ne3 Qe1 41. Rd1 Qf2+ 42. Qd2 Qxd2+ 43. Rxd2 Kf8 44. f6 gxf6 45. Nf5 b5 46.
Rh2 Rd8 47. Rxh6 Rd2+ 48. Ka3 Ke8 49. Kb4 Rg2 50. Ne3 Rg3 51. Nd5 Ra7 52. Rh8+
Kd7 53. Kc5 Rb7 54. Rf8 1-0

[Event "Bundesliga 9596"]
[Site "Deutschland"]
[Date "1996.??.??"]
[Round "?.3"]
[White "Luther, Thomas"]
[Black "Chandler, Murray G"]
[Result "1/2-1/2"]
[WhiteElo "2535"]
[BlackElo "2535"]
[PlyCount "130"]
[EventDate "1995.10.??"]
[EventType "team"]
[EventRounds "15"]
[EventCountry "GER"]
[SourceTitle "Bundesliga 9596"]
[Source "DeepChess"]
[SourceDate "2005.01.01"]
[SourceVersion "1"]
[SourceVersionDate "2005.01.01"]
[SourceQuality "1"]
[WhiteTeam "SV Empor Berlin e.V."]
[BlackTeam "SG 1868 Aljech. Solingen"]
[WhiteTeamCountry "GER"]
[BlackTeamCountry "GER"]

1. e4 c5 2. Nf3 Nc6 3. d4 cxd4 4. Nxd4 e5 5. Nb5 d6 6. c4 Be7 7. Be2 f5 8. exf5
Bxf5 9. O-O Nf6 10. f4 O-O 11. fxe5 Qb6+ 12. Kh1 Ne4 13. N1c3 Nf2+ 14. Rxf2
Qxf2 15. exd6 Bf6 16. Qd5+ Kh8 17. Bd2 Bxc3 18. Nxc3 Bg4 19. Be3 Qxe3 20. Bxg4
Qf2 21. Ne2 Rae8 22. Ng1 Nb4 23. Qd1 Qxb2 24. d7 Rd8 25. Rb1 Qc3 26. Ne2 Qxc4
27. Qd4 Qxd4 28. Nxd4 Nd3 29. Kg1 Ne5 30. Bh3 Nxd7 31. Ne6 Nb6 32. Nxf8 Rxf8
33. g3 g6 34. Bg2 Rf7 35. Rb4 Rc7 36. a4 Rc1+ 37. Kf2 Rc2+ 38. Kg1 Ra2 39. Bxb7
Rxa4 40. Rb2 Kg7 41. Bc6 Ra3 42. Kg2 Kf6 43. Rb4 Rc3 44. Bf3 Rc2+ 45. Kg1 h5
46. g4 hxg4 47. Rf4+ Kg7 48. Rxg4 Rc4 49. Rg5 Nd7 50. Ra5 Rc7 51. Kf2 Kf6 52.
h4 Nc5 53. Ke3 Re7+ 54. Kf4 Rc7 55. Bd5 Nd7 56. Be4 Nc5 57. Bd5 Nd3+ 58. Ke4
Nb4 59. Ba8 Rh7 60. Kf3 Rc7 61. Be4 a6 62. Rg5 Rc3+ 63. Kg4 Rc4 64. Kf3 Rc3+
65. Kg4 Rc4 1/2-1/2

[Event "Bundesliga 9596"]
[Site "Deutschland"]
[Date "1996.??.??"]
[Round "?.4"]
[White "Bischoff, Klaus"]
[Black "Boensch, Uwe"]
[Result "1/2-1/2"]
[WhiteElo "2520"]
[BlackElo "2550"]
[PlyCount "89"]
[EventDate "1995.10.??"]
[EventType "team"]
[EventRounds "15"]
[EventCountry "GER"]
[SourceTitle "Bundesliga 9596"]
[Source "DeepChess"]
[SourceDate "2005.01.01"]
[SourceVersion "1"]
[SourceVersionDate "2005.01.01"]
[SourceQuality "1"]
[WhiteTeam "SG 1868 Aljech. Solingen"]
[BlackTeam "SV Empor Berlin e.V."]
[WhiteTeamCountry "GER"]
[BlackTeamCountry "GER"]

1. Nf3 d5 2. d3 Nf6 3. Nbd2 c5 4. e4 Nc6 5. g3 g6 6. Bg2 Bg7 7. O-O O-O 8. exd5
Nxd5 9. Re1 b6 10. a3 Bb7 11. Rb1 Qc7 12. c4 Nf6 13. b4 Rad8 14. Qe2 Nd7 15.
Bb2 e5 16. Ba1 h6 17. h4 Ba8 18. Nh2 a5 19. bxa5 Nxa5 20. Bxa8 Rxa8 21. h5 g5
22. Ng4 Nc6 23. Ne3 Ne7 24. Rb3 f5 25. g4 f4 26. Nc2 Nc6 27. f3 Rfe8 28. Ne4
Nd4 29. Bxd4 exd4 30. Reb1 Kh8 31. Kg2 Ra4 32. Re1 Qc6 33. Qd1 Re6 34. Rb5 Ra8
35. Rb1 Rae8 36. Re2 Be5 37. Nf2 Nf6 38. Ne1 Bc7 39. Rxe6 Qxe6 40. Kf1 Ra8 41.
a4 Qc6 42. Ra1 Kg8 43. Qb3 Ra5 44. Ne4 Nd7 45. Qd1 1/2-1/2

[Event "Bundesliga 9596"]
[Site "Deutschland"]
[Date "1996.??.??"]
[Round "?.5"]
[White "Tischbierek, Raj"]
[Black "Lau, Ralf"]
[Result "1-0"]
[WhiteElo "2490"]
[BlackElo "2495"]
[PlyCount "57"]
[EventDate "1995.10.??"]
[EventType "team"]
[EventRounds "15"]
[EventCountry "GER"]
[SourceTitle "Bundesliga 9596"]
[Source "DeepChess"]
[SourceDate "2005.01.01"]
[SourceVersion "1"]
[SourceVersionDate "2005.01.01"]
[SourceQuality "1"]
[WhiteTeam "SV Empor Berlin e.V."]
[BlackTeam "SG 1868 Aljech. Solingen"]
[WhiteTeamCountry "GER"]
[BlackTeamCountry "GER"]

1. c4 b6 2. d4 e6 3. a3 Nf6 4. Nc3 d5 5. cxd5 exd5 6. Bg5 Be7 7. e3 O-O 8. Bd3
Bb7 9. Nf3 h6 10. Bxf6 Bxf6 11. O-O c5 12. Rc1 cxd4 13. Nxd4 Bxd4 14. exd4 Nc6
15. Qg4 Qg5 16. Qxg5 hxg5 17. Nxd5 Nxd4 18. Ne7+ Kh8 19. Rc7 Rab8 20. Re1 Rfd8
21. Bc4 Nc2 22. Rc1 Nd4 23. Rc3 g4 24. h3 g3 25. Rxg3 b5 26. Rg4 g5 27. Bxf7
Ne2+ 28. Kh2 Kg7 29. Bd5 1-0

[Event "Bundesliga 9596"]
[Site "Deutschland"]
[Date "1996.??.??"]
[Round "?.6"]
[White "Reeh, Oliver"]
[Black "Volke, Karsten"]
[Result "0-1"]
[WhiteElo "2450"]
[BlackElo "2470"]
[PlyCount "86"]
[EventDate "1995.10.??"]
[EventType "team"]
[EventRounds "15"]
[EventCountry "GER"]
[SourceTitle "Bundesliga 9596"]
[Source "DeepChess"]
[SourceDate "2005.01.01"]
[SourceVersion "1"]
[SourceVersionDate "2005.01.01"]
[SourceQuality "1"]
[WhiteTeam "SG 1868 Aljech. Solingen"]
[BlackTeam "SV Empor Berlin e.V."]
[WhiteTeamCountry "GER"]
[BlackTeamCountry "GER"]

1. e4 c5 2. Nf3 e6 3. d4 cxd4 4. Nxd4 Nf6 5. Nc3 d6 6. f4 Be7 7. Nf3 O-O 8. Bd3
Qb6 9. Qe2 Nc6 10. Bd2 Nb4 11. O-O-O Nxd3+ 12. cxd3 Qa6 13. Kb1 b5 14. e5 Nd7
15. Ne4 dxe5 16. fxe5 Bb7 17. Bg5 Bxg5 18. Nfxg5 h6 19. Nf3 Bd5 20. Nc3 Nb6 21.
Nxd5 Nxd5 22. Rc1 b4 23. Rc4 Rab8 24. Nd4 Qb6 25. Rhc1 a5 26. Ka1 a4 27. Qe4 a3
28. b3 Nc3 29. Qc6 Qd8 30. Qf3 Qg5 31. Qf1 Rfc8 32. Nf3 Qe3 33. Re1 Qb6 34. Qg1
Qb5 35. Qe3 Rxc4 36. dxc4 Qd7 37. Rc1 Rd8 38. Ne1 Qd2 39. Qxd2 Rxd2 40. Nc2 Ne2
41. Kb1 Nxc1 42. Kxc1 Rxg2 43. Nxb4 Kf8 0-1